000 00538cam a22002053a 4500
001 40032
003 PGUSA
005 20140828083907.0
008 120618s2012||||xxu|||||s|||||000 | eng d
040 _aPGUSA
_beng
042 _adc
100 1 _aHale, Susan
245 1 0 _aMexico
_h[electronic resource] /
_cSusan Hale
260 _bProject Gutenberg,
_c2012
506 _aPublic domain in the USA.
516 _aElectronic text
830 0 _aProject Gutenberg
_v40032
856 4 0 _uhttp://www.gutenberg.org/ebooks/40032
942 _cEB
999 _c269285
_d269285